Miasta i wsie w powiecie krakowskim - Statystyki

Ogólne statystyki
  • Ten quiz został rozwiązany 17 razy
  • Średni wynik to 44 z 261
Statystyki odpowiedzi
Gmina Odpowiedź % Poprawnych
Jerzmanowice-Przeginia Jerzmanowice
80%
Kocmyrzów-Luborzyca Kocmyrzów
80%
Kocmyrzów-Luborzyca Luborzyca
80%
Michałowice Michałowice
80%
Jerzmanowice-Przeginia Przeginia
80%
Wielka Wieś Wielka Wieś
80%
Zabierzów Zabierzów
80%
Czernichów Czernichów
73%
Liszki Liszki
73%
Skała Skała
73%
Skawina Skawina
73%
Słomniki Słomniki
73%
Zielonki Zielonki
73%
Igołomia-Wawrzeńczyce Igołomia
67%
Mogilany Mogilany
67%
Igołomia-Wawrzeńczyce Wawrzeńczyce
67%
Sułoszowa Sułoszowa
60%
Świątniki Górne Świątniki Górne
60%
Krzeszowice Krzeszowice
53%
Zabierzów Balice
47%
Wielka Wieś Modlniczka
47%
Skała Ojców
47%
Zielonki Węgrzce
47%
Zielonki Bibice
40%
Mogilany Gaj
40%
Liszki Kryspinów
40%
Wielka Wieś Modlnica
40%
Czernichów Rybna
40%
Zielonki Batowice
33%
Zielonki Boleń
33%
Mogilany Libertów
33%
Skawina Radziszów
33%
Kocmyrzów-Luborzyca Baranówka
27%
Wielka Wieś Bębło
27%
Wielka Wieś Biały Kościół
27%
Liszki Cholerzyn
27%
Wielka Wieś Giebułtów
27%
Michałowice Górna Wieś
27%
Kocmyrzów-Luborzyca Goszcza
27%
Iwanowice Iwanowice Dworskie
27%
Iwanowice Iwanowice Włościańskie
27%
Czernichów Kamień
27%
Liszki Kaszów
27%
Liszki Mników
27%
Liszki Morawica
27%
Słomniki Niedźwiedź
27%
Liszki Piekary
27%
Kocmyrzów-Luborzyca Prusy
27%
Jerzmanowice-Przeginia Racławice
27%
Zielonki Trojanowice
27%
Sułoszowa Wielmoża
27%
Skawina Wola Radziszowska
27%
Kocmyrzów-Luborzyca Zastów
27%
Wielka Wieś Będkowice
20%
Zabierzów Brzoskwinia
20%
Liszki Czułów
20%
Kocmyrzów-Luborzyca Dojazdów
20%
Słomniki | Zielonki Januszowice
20%
Liszki Jeziorzany
20%
Zabierzów Kobylany
20%
Zielonki Korzkiew
20%
Michałowice Książniczki
20%
Kocmyrzów-Luborzyca Łuczyce
20%
Iwanowice Narama
20%
Skała Nowa Wieś
20%
Krzeszowice Ostrężnica
20%
Zielonki Owczary
20%
Michałowice Pielgrzymowice
20%
Igołomia-Wawrzeńczyce Pobiednik Mały
20%
Słomniki Prandocin
20%
Czernichów Przeginia Duchowna
20%
Zabierzów Rudawa
20%
Zabierzów Rząska
20%
Skawina Rzozów
20%
Kocmyrzów-Luborzyca Sadowie
20%
Krzeszowice Sanka
20%
Jerzmanowice-Przeginia Sąspów
20%
Jerzmanowice-Przeginia Szklary
20%
Wielka Wieś Szyce
20%
Krzeszowice Tenczynek
20%
Wielka Wieś Tomaszowice
20%
Krzeszowice Wola Filipowska
20%
Czernichów Wołowice
20%
Igołomia-Wawrzeńczyce Zofipole
20%
Zabierzów Aleksandrowice
13%
Zabierzów Bolechowice
13%
Mogilany Chorowice
13%
Wielka Wieś Czajowice
13%
Krzeszowice Czerna
13%
Jerzmanowice-Przeginia Czubrowice
13%
Kocmyrzów-Luborzyca Czulice
13%
Czernichów Czułówek
13%
Krzeszowice Dubie
13%
Krzeszowice Filipowice
13%
Krzeszowice Frywałd
13%
Zielonki Garliczka
13%
Kocmyrzów-Luborzyca Goszyce
13%
Skawina Grabie
13%
Słomniki Kacice
13%
Kocmyrzów-Luborzyca Karniów
13%
Zabierzów Karniowice
13%
Mogilany Konary
13%
Iwanowice Krasieniec Zakupny
13%
Skawina Krzęcin
13%
Kocmyrzów-Luborzyca Łososkowice
13%
Mogilany Lusina
13%
Kocmyrzów-Luborzyca Maciejowice
13%
Kocmyrzów-Luborzyca Marszowice
13%
Michałowice Masłomiąca
13%
Krzeszowice Miękinia
13%
Michałowice Młodziejowice
13%
Zabierzów Młynka
13%
Zabierzów Nielepice
13%
Krzeszowice Nowa Góra
13%
Skawina Ochodza
13%
Słomniki Orłów
13%
Krzeszowice Paczółtowice
13%
Zabierzów Pisary
13%
Igołomia-Wawrzeńczyce Pobiednik Wielki
13%
Skawina Polanka Hallera
13%
Słomniki Polanowice
13%
Wielka Wieś Prądnik Korzkiewski
13%
Słomniki Prandocin-Iły
13%
Słomniki Prandocin-Wysiołek
13%
Czernichów Przeginia Narodowa
13%
Skała | Zielonki Przybysławice
13%
Liszki Rączna
13%
Zabierzów Radwanowice
13%
Krzeszowice Rudno
13%
Liszki Ściejowice
13%
Krzeszowice Siedlec
13%
Słomniki Smroków
13%
Iwanowice Sułkowice
13%
Igołomia-Wawrzeńczyce Tropiszów
13%
Iwanowice Widoma
13%
Michałowice Więcławice Stare
13%
Skawina Wielkie Drogi
13%
Wielka Wieś Wierzchowie
13%
Kocmyrzów-Luborzyca Wiktorowice
13%
Kocmyrzów-Luborzyca Wilków
13%
Kocmyrzów-Luborzyca Wola Luborzycka
13%
Michałowice Wola Więcławska
13%
Zielonki Wola Zachariaszowska
13%
Krzeszowice Zalas
13%
Krzeszowice Żary
13%
Skawina Zelczyna
13%
Iwanowice Żerkowice
13%
Iwanowice Biskupice
7%
Skawina Borek Szlachecki
7%
Zielonki Bosutów
7%
Słomniki Brończyce
7%
Zabierzów Brzezie
7%
Mogilany Brzyczyna
7%
Mogilany Buków
7%
Iwanowice Celiny
7%
Liszki Chrosna
7%
Skała Cianowice
7%
Słomniki Czechy
7%
Czernichów Dąbrowa Szlachecka
7%
Krzeszowice Dębnik
7%
Zielonki Dziekanowice
7%
Skawina Facimiech
7%
Zielonki Garlica Duchowna
7%
Zielonki Garlica Murowana
7%
Jerzmanowice-Przeginia Gotkowice
7%
Iwanowice Grzegorzowice Małe
7%
Iwanowice Grzegorzowice Wielkie
7%
Skawina Jaśkowice
7%
Skawina Jurczyce
7%
Zabierzów Kleszczów
7%
Zabierzów Kochanów
7%
Michałowice Kończyce
7%
Skawina Kopanka
7%
Michałowice Kozierów
7%
Iwanowice Krasieniec Stary
7%
Kocmyrzów-Luborzyca Krzysztoforzyce
7%
Jerzmanowice-Przeginia Łazy
7%
Słomniki Lipna Wola
7%
Skała Maszyce
7%
Słomniki Miłocice
7%
Skała Minoga
7%
Słomniki Muniakowice
7%
Krzeszowice Nawojowa Góra
7%
Czernichów Nowa Wieś Szlachecka
7%
Świątniki Górne Ochojno
7%
Michałowice Raciborowice
7%
Słomniki Ratajów
7%
Kocmyrzów-Luborzyca Rawałowice
7%
Świątniki Górne Rzeszotary
7%
Iwanowice Sieciechowice
7%
Kocmyrzów-Luborzyca Skrzeszowice
7%
Skała Smardzowice
7%
Kocmyrzów-Luborzyca Sulechów
7%
Słomniki Trątnowice
7%
Słomniki Wesoła
7%
Słomniki Wężerów
7%
Michałowice Więcławice Dworskie
7%
Michałowice Wilczkowice
7%
Iwanowice Władysław
7%
Mogilany Włosań
7%
Sułoszowa Wola Kalinowska
7%
Świątniki Górne Wrząsowice
7%
Kocmyrzów-Luborzyca Wysiołek Luborzycki
7%
Słomniki Zaborze
7%
Iwanowice Zagaje
7%
Słomniki Zagaje Smrokowskie
7%
Michałowice Zagórzyce Dworskie
7%
Michałowice Zagórzyce Stare
7%
Iwanowice Zalesie
7%
Michałowice Zdzięsławice
7%
Zabierzów Zelków
7%
Skała Barbarka
0%
Zabierzów Brzezinka
0%
Zielonki Brzozówka
0%
Liszki Budzyń
0%
Zabierzów Burów
0%
Iwanowice Damice
0%
Igołomia-Wawrzeńczyce Dobranowice
0%
Iwanowice Domiarki
0%
Kocmyrzów-Luborzyca Głęboka
0%
Skawina Gołuchowice
0%
Skała Gołyszyn
0%
Zielonki Grębynice
0%
Słomniki Janikowice
0%
Słomniki Kępa
0%
Czernichów Kłokoczyn
0%
Igołomia-Wawrzeńczyce Koźlica
0%
Mogilany Kulerzów
0%
Iwanowice Lesieniec
0%
Iwanowice Maszków
0%
Skała Niebyła
0%
Zabierzów Niegoszowice
0%
Igołomia-Wawrzeńczyce Odwiśle
0%
Świątniki Górne Olszowice
0%
Zielonki Pękowice
0%
Kocmyrzów-Luborzyca Pietrzejowice
0%
Skała Poręba Laskowska
0%
Iwanowice Poskwitów
0%
Skawina Pozowice
0%
Iwanowice Przestańsko
0%
Igołomia-Wawrzeńczyce Rudno Górne
0%
Czernichów Rusosice
0%
Skała Rzeplin
0%
Michałowice Sieborowice
0%
Skała Sobiesęki
0%
Skała Stoki
0%
Igołomia-Wawrzeńczyce Stręgoborzyce
0%
Skała Świńczów
0%
Słomniki Szczepanowice
0%
Skała Szczodrkowice
0%
Zabierzów Szczyglice
0%
Zabierzów Ujazd
0%
Słomniki Waganowice
0%
Zabierzów Więckowice
0%
Czernichów Zagacie
0%
Skała Zamłynie
0%
Michałowice Zerwana
0%
Igołomia-Wawrzeńczyce Złotniki
0%
Igołomia-Wawrzeńczyce Żydów
0%
Nie znaleziono quizów pasujących do podanych kryteriów
Rozkład punktacji
Procent ludzi z każdym wynikiem
Percentyl według liczby udzielonych odpowiedzi
Twoja historia wyników
Nie rozwiązałeś tego quizu